Contemporary farmers' protests and the 'new rural- agrarian' in India (Record no. 506394)

000 -LEADER
fixed length control field 00431nam a2200157Ia 4500
008 - FIXED-LENGTH DATA ELEMENTS--GENERAL INFORMATION
fixed length control field 181130s2018 xx 000 0 und d
100 ## - MAIN ENTRY--PERSONAL NAME
Personal name Suthar, Sudhir Kumar
245 ## - TITLE STATEMENT
Title Contemporary farmers' protests and the 'new rural- agrarian' in India
260 ## - PUBLICATION, DISTRIBUTION, ETC.
Date of publication, distribution, etc. 2018
300 ## - PHYSICAL DESCRIPTION
Extent p.17-23.
504 ## - BIBLIOGRAPHY, ETC. NOTE
-- 30-Jun
650 ## - SUBJECT ADDED ENTRY--TOPICAL TERM
Topical term or geographic name entry element Farmers
650 ## - SUBJECT ADDED ENTRY--TOPICAL TERM
Topical term or geographic name entry element Farmers - India
773 ## - HOST ITEM ENTRY
Main entry heading Economic and Political Weekly
906 ## - LOCAL DATA ELEMENT F, LDF (RLIN)
a Farmers
Holdings
Withdrawn status Lost status Damaged status Not for loan Permanent Location Current Location Date acquired Serial Enumeration / chronology Barcode Date last seen Price effective from Koha item type
        Indian Institute of Public Administration Indian Institute of Public Administration 2018-12-07 53(26 & 27), 30-Jun, 2018: p.17-23. AR118189 2018-12-07 2018-12-07 Articles

Powered by Koha